000 00965nam a2200229 i 4500
001 39633
003 ES-MaACL
005 20231221150400.0
007 t|
008 030303s1873 sp |||| | spa d
100 1 _aCánovas del Castillo, Antonio,
_d1828-1897
_934600
245 1 0 _aDiscurso pronunciado por el Excmo. Señor D. Antonio Cánovas del Castillo el día 25 de noviembre de 1873 en el Ateneo Científico y Literario de Madrid, con motivo de la apertura de sus cátedras
_b: [tema: La libertad y el progreso].
260 _aMadrid :
_bBiblioteca de Instrucción y Recreo,
_c1873.
300 _a78 p. ;
_c22 cm.
530 _aDisponible en formato digital.
610 2 4 _aAteneo de Madrid-
_vDiscursos de apertura-
_yS.XIX.
_91912
650 4 _aLibertad.
_914400
650 4 _aProgreso.
_916469
852 _aES-MaACL
_jB-12481
856 _uhttp://bdh-rd.bne.es/viewer.vm?id=0000246968&page=1
_zBiblioteca Digital Hispánica
999 _c39633
_d39633